• 首页
  • 本馆介绍
  • 公告通知
  • 最新文献
  • 馆藏检索
  • 电子资源
  • 读者导购
  • 参考咨询
  • 我的图书馆
  • 登录
  • 详细信息显示
  • 放入我的书架
  • 预约/预借图书
  • 作者相关作品
  • 分类相关作品
  • 丛书相关作品
  • 出版社相关作品

书目信息

  • 表格格式
  • 工作单格式
  • 卡片格式
题名:
批评的立场
    
 
作者: 樊枫主编
分册:  
出版信息: 石家庄   河北美术出版社  2019
页数: 201页
开本: 24cm
丛书名:
单 册:
中图分类: J05-53
科图分类:
主题词: 艺术评论--文集
电子资源:
ISBN: 978-7-5310-9775-4
000 01096nam0 2200241 450
001 012001006210
005 20131016090840.0
010    @a978-7-5310-9775-4@dCNY198.00
100    @a20190619d2019 em y0chiy50 ea
101 0  @achi
102    @aCN@b130000
105    @ay z 000yy
106    @ar
200 1  @a批评的立场@b专著@e第四届中国青年批评家论坛@d2018 criticism and position@ethe fourth China youth critic forum@f樊枫主编@zeng
210    @a石家庄@c河北美术出版社@d2019
215    @a201页@d24cm
330    @a“中国青年批评家论坛”是武汉美术馆的一个品牌论坛,自2012年创设以来已成功举办三届。论坛旨在聚合时代新生的青年批评家群体,对当下的艺术生态与艺术实践做出评判和梳理。论坛邀请了12位青年批评家就“批评与策展——策展式写作的有效性与社会价值”的主题撰文。本书为此次论坛的总结与归纳,可为现阶段的当代艺术史研究保留一份可资探讨的文献资料。
510 1  @a2018 criticism and position@ethe fourth China youth critic forum@zeng
517 1  @a第四届中国青年批评家论坛
606 0  @a艺术评论@j文集
690    @aJ05-53@v5
801  2 @aCN@b上海新华@c20191020
905    @b1099133-4@dJ05-53@e461@f2
    
    批评的立场:第四届中国青年批评家论坛=2018 criticism and position:the fourth China youth critic forum/樊枫主编.-石家庄:河北美术出版社,2019
    201页;24cm
    
    
    ISBN 978-7-5310-9775-4:CNY198.00
    “中国青年批评家论坛”是武汉美术馆的一个品牌论坛,自2012年创设以来已成功举办三届。论坛旨在聚合时代新生的青年批评家群体,对当下的艺术生态与艺术实践做出评判和梳理。论坛邀请了12位青年批评家就“批评与策展——策展式写作的有效性与社会价值”的主题撰文。本书为此次论坛的总结与归纳,可为现阶段的当代艺术史研究保留一份可资探讨的文献资料。
●
相关链接 在E读中查询图书 在五车中查询图书 在当当中查询图书 在豆瓣中查询图书


正题名:批评的立场     索取号:J05-53/461         预约/预借

序号 登录号 条形码 馆藏地/架位号 状态 备注
1 1099133   210991337   第一样本阅览室/ [索取号:J05-53/461] 在馆    
2 1099134   210991346   第一借阅区/ [索取号:J05-53/461] 在馆    
唐山师范学院图书馆 欢迎您!
大连网信软件有限公司© 版权所有